[Event "London Classic op U2050-A 8th"]
[Site "London"]
[Date "2016.12.11"]
[Round "4"]
[White "Wong, Shyun Fwu Aldrin"]
[Black "Mutton, Ian"]
[Result "1-0"]
[WhiteElo "1655"]
[BlackElo "1862"]
[PlyCount "83"]
[EventDate "2016.12.09"]
[EventType "swiss"]
[EventRounds "5"]
[EventCountry "ENG"]
[SourceTitle "EXT 2019"]
[Source "ChessBase"]
[SourceDate "2018.10.10"]
[SourceVersion "1"]
[SourceVersionDate "2018.10.10"]
[SourceQuality "1"]

1. e4 c5 2. Nf3 d6 3. d4 cxd4 4. Nxd4 Nf6 5. Nc3 g6 6. Be3 Bg7 7. f3 Nc6 8. Qd2 0-0 9. 0-0-0 Bd7 10. g4 Rc8 11. h4 Ne5 12. h5 Qa5 13. Kb1 Nxf3 14. Nxf3 Rxc3 15. Qxc3 Qxc3 16. bxc3 Nxe4 17. Bd4 Bxg4 18. Bxg7 Kxg7 19. h6+ Kg8 20. Bg2 Nxc3+ 21. Kb2 Nxd1+ 22. Rxd1 Rc8 23. Rd4 Bd7 24. Nd2 Rc5 25. Rd5 Rxd5 26. Bxd5 Bc6 27. c4 Bxd5 28. cxd5 f5 29. Nf3 Kf7 30. Ng5+ Kg8 31. Kc3 Kh8 32. Kd4 Kg8 33. a4 Kh8 34. Kc4 Kg8 35. Kb5 Kh8 36. a5 Kg8 37. a6 bxa6+ 38. Kxa6 f4 39. Kxa7 e5 40. dxe6 Kf8 41. Nxh7+ Ke7 42. Ng5 1-0

[Event "London Classic op U2050-A 8th"]
[Site "London"]
[Date "2016.12.10"]
[Round "3"]
[White "Mutton, Ian"]
[Black "Zhao, Haolin"]
[Result "1/2-1/2"]
[WhiteElo "1862"]
[BlackElo "1696"]
[PlyCount "110"]
[EventDate "2016.12.09"]
[EventType "swiss"]
[EventRounds "5"]
[EventCountry "ENG"]
[SourceTitle "EXT 2019"]
[Source "ChessBase"]
[SourceDate "2018.10.10"]
[SourceVersion "1"]
[SourceVersionDate "2018.10.10"]
[SourceQuality "1"]

1. e4 c5 2. Nf3 g6 3. Nc3 Nc6 4. Bc4 Bg7 5. d3 e6 6. Be3 b6 7. Qd2 Nge7 8. Bh6 0-0 9. h4 d5 10. Bxg7 Kxg7 11. Bb3 dxe4 12. Nxe4 h5 13. c3 Na5 14. Bc2 Bb7 15. Neg5 Qd7 16. Qe3 Nac6 17. Rg1 Nf5 18. Qd2 Nh6 19. Nh2 Ne5 20. 0-0-0 Neg4 21. Nxg4 Nxg4 22. f3 Nh6 23. g4 hxg4 24. fxg4 f6 25. Ne4 Bxe4 26. dxe4 Qxd2+ 27. Rxd2 Rad8 28. g5 fxg5 29. Rxg5 Rxd2 30. Kxd2 Rf2+ 31. Kd3 c4+ 32. Kxc4 Rxc2 33. h5 Ng8 34. Rxg6+ Kf7 35. Kb3 Rh2 36. Rg5 Nf6 37. a4 Rxh5 38. Rxh5 Nxh5 39. Kc4 Ng3 40. e5 Kg6 41. Kb5 Ne4 42. c4 Nc5 43. b4 Nxa4 44. Kxa4 Kf5 45. Kb5 Kxe5 46. Kc6 Kd4 47. c5 e5 48. Kd6 e4 49. c6 e3 50. c7 e2 51. c8Q e1Q 52. Qg4+ Kc3 53. Qg7+ Kb3 54. Qxa7 Qxb4+ 55. Kc6 b5 1/2-1/2

[Event "London Classic op U2050-A 8th"]
[Site "London"]
[Date "2016.12.09"]
[Round "1"]
[White "Mutton, Ian"]
[Black "Hafstad, Leif"]
[Result "1/2-1/2"]
[WhiteElo "1862"]
[BlackElo "1613"]
[PlyCount "67"]
[EventDate "2016.12.09"]
[EventType "swiss"]
[EventRounds "5"]
[EventCountry "ENG"]
[SourceTitle "EXT 2019"]
[Source "ChessBase"]
[SourceDate "2018.10.10"]
[SourceVersion "1"]
[SourceVersionDate "2018.10.10"]
[SourceQuality "1"]

1. e4 e6 2. d4 d5 3. Nc3 Nf6 4. e5 Nfd7 5. f4 c5 6. Nf3 Nc6 7. Be3 Qb6 8. Qd2 Qa5 9. Be2 a6 10. 0-0 cxd4 11. Nxd4 Bc5 12. Bf2 Nxd4 13. Bxd4 0-0 14. Rad1 Bxd4+ 15. Qxd4 Qc5 16. Bg4 g6 17. Rd2 Qxd4+ 18. Rxd4 b5 19. a4 bxa4 20. Nxa4 Bb7 21. Bf3 Bc6 22. Ra1 Bb5 23. b3 Rac8 24. Rc1 Nc5 25. Nxc5 Rxc5 26. c4 Rfc8 27. Be2 dxc4 28. Bxc4 a5 29. g3 a4 30. Ra1 Bxc4 31. bxc4 Rxc4 32. Rxa4 Rc1+ 33. Kg2 R8c2+ 34. Kh3 1/2-1/2